000 00815nam a2200241Ia 4500
003 OSt
005 20220923225419.0
006 a|||||r|||| 00| 0
007 ta
008 220922b |||||||| |||| 00| 0 hin d
024 _a266,988
037 _cTextual
040 _aARTS
_cARTS
_bhin
041 _2hin
_ahin
082 _aR635x1,1, 152M3
100 _aगोस्वामी, महाप्रभुलाल
245 0 _aपात×जलयोगसूत्रम्
246 _aPāta×jalayogasūtram
260 _aवाराणसी
_b चौखम्भा संस्कृत संस्थान
_c1983
300 _a100पृ.
_ccm.
942 _hR635x1,1, 152M3
_cTEXL
_2CC
999 _c378113
_d378113